000 00555nam a2200181Ia 4500
008 090123s9999 xx 000 0 und d
082 _b3554
_a891.463/भडभडे
100 _aभडभडे सुमन
245 _aइथे बहर भाव फुलला
250 _a1
260 _c1974
300 _a132
600 _aभडभडे सुमन
630 _aइथे बहर भाव फुलला
700 _aभडभडे सुमन
730 _aइथे बहर भाव फुलला
942 _cBOOK
999 _c41634
_d41634